Drawing with pen and ink : Line. Texture. Color

Bibliographic Details
Main Author: Glassford, Carl
Format: Book
Published: California : Walter Foster Publishing,Inc. , 1985
Series:Artist's Library Series
Subjects:

MARC

LEADER 00000cam a2200000 7i4500
001 0000041373
005 20001117.0
020 |a 0929261062 
090 0 0 |a 741.26   |b GLA 
100 1 |a Glassford, Carl 
245 0 0 |a Drawing with pen and ink :   |b Line. Texture. Color   |c Carl Glassford 
260 |a California :   |b Walter Foster Publishing,Inc. ,   |c 1985 
300 |a 64p. :   |b ill. ;   |c 24cm. 
490 0 |a Artist's Library Series 
650 0 0 |a Drawing 
650 0 0 |a Pen drawing 
999 |a 092005   |b BUKU   |c PINJAMAN   |e PERPUSTAKAAN KOMUNITI PETALING JAYA 
999 |a 092006   |b BUKU   |c PINJAMAN   |e PERPUSTAKAAN KOMUNITI PETALING JAYA